| 000 | 00512nam a2200169Ia 4500 | ||
|---|---|---|---|
| 999 |
_c12493 _d12493 |
||
| 003 | OSt | ||
| 005 | 20201019122814.0 | ||
| 008 | 190216s9999||||xx |||||||||||||| ||und|| | ||
| 040 | _coclc | ||
| 082 |
_a160 _bCOH/I |
||
| 100 |
_aCohen, Morris R _95909 |
||
| 245 | 3 |
_aAn Introduction To Logic And Scientific Method / _cMorris R Cohen ; Ernest Nagel |
|
| 260 |
_bRoutledge & Kegan Paul, _c1963. _aLondon: |
||
| 300 | _a467p | ||
| 650 | _aEnglish | ||
| 942 |
_cBK _2ddc _h160 _iCOH/I _k160 _mCOH/I |
||